Evolution of maritime strategy and national security of India / (Record no. 19600)

MARC details
000 -LEADER
fixed length control field 01239cam a22003254a 4500
005 - DATE AND TIME OF LATEST TRANSACTION
control field 20080820115011.0
008 - FIXED-LENGTH DATA ELEMENTS--GENERAL INFORMATION
fixed length control field 080216s2008 ii b 001 0 eng
010 ## - LCCN (DPL NO)
LC control number ENG-92076
020 ## - INTERNATIONAL STANDARD BOOK NUMBER
International Standard Book Number 818692146X
Terms of availability 1100.00
020 ## - INTERNATIONAL STANDARD BOOK NUMBER
International Standard Book Number 9788186921463
Terms of availability 1100.00
035 ## - SYSTEM CONTROL NUMBER
System control number EN-75609
037 ## - SOURCE OF ACQUISITION
Source of stock number/acquisition DBAD / PUB
040 ## - CATALOGING SOURCE
Original cataloging agency dpl
Language of cataloging English
082 ## - DEWEY DECIMAL CLASSIFICATION NUMBER
Classification number 359.00954
100 ## - MAIN ENTRY--PERSONAL NAME
Personal name Sugandha, 1976-
245 ## - TITLE STATEMENT
Title Evolution of maritime strategy and national security of India /
Statement of responsibility, etc by Sugandha
260 ## - PUBLICATION, DISTRIBUTION, ETC. (IMPRINT)
Name of publisher, distributor, etc Decent Books
Date of publication, distribution, etc 2008
Place of publication, distribution, etc New Delhi
270 ## - ADDRESS
Address D-36/A-1, Mohan Garden, Najafgarh Road,
City New Delhi
Postal code 110059
300 ## - PHYSICAL DESCRIPTION
Extent xxvi, 509p.:
Dimensions 23 cm (Hb)
Other physical details b&w photos, maps
500 ## - GENERAL NOTE
General note Includes bibliographical references and index
650 ## - SUBJECT ADDED ENTRY--TOPICAL TERM
Topical term or geographic name as entry element Sea-power
Geographic subdivision India
650 ## - SUBJECT ADDED ENTRY--TOPICAL TERM
Topical term or geographic name as entry element National security
Geographic subdivision India
650 ## - SUBJECT ADDED ENTRY--TOPICAL TERM
Topical term or geographic name as entry element Naval strategy
650 ## - SUBJECT ADDED ENTRY--TOPICAL TERM
Topical term or geographic name as entry element Navigation
Geographic subdivision India
General subdivision History
650 ## - SUBJECT ADDED ENTRY--TOPICAL TERM
Topical term or geographic name as entry element Navigation
Geographic subdivision Indian Ocean
General subdivision History
651 ## - SUBJECT ADDED ENTRY--GEOGRAPHIC NAME
Geographic name Indian Ocean
General subdivision Strategic aspects.
942 ## - ADDED ENTRY ELEMENTS (KOHA)
Source of classification or shelving scheme Dewey Decimal Classification
Item type English Books
Call number suffix SUG
Classification part 359.00954
Holdings
Withdrawn status Lost status Source of classification or shelving scheme Damaged status Not for loan Collection code Home library Current library Date acquired Source of acquisition Cost, normal purchase price Total Checkouts Full call number Barcode Date last seen Copy number Cost, replacement price Koha item type
    Dewey Decimal Classification   Not For Loan Non-fiction D.B.Act.Division D.B.Act.Division 10/12/2008 DBAD / PUB 1100.00   359.00954 SUG EN-75609 10/12/2008 1 1100.00 English Books

© Delhi Public Library
Hit Counter
free hit counter